[Event "82nd Tata Steel Challengers 2020"]
[Site "Wijk aan Zee"]
[Date "2020.01.22"]
[Round "10.7"]
[White "Mamedov, Rauf"]
[Black "Van Foreest, Lucas"]
[Result "1/2-1/2"]
[WhiteElo "2659"]
[BlackElo "2523"]
[Annotator "TA"]
[PlyCount "104"]
[EventDate "2020.01.11"]
[EventType "tourn"]
[EventCountry "NED"]
[SourceTitle "playchess.com"]
[Source "ChessBase"]
[SourceQuality "1"]

1. Nf3 d5 2. g3 e6 3. Bg2 Nf6 4. O-O Be7 5. c4 O-O 6. b3 d4 7. e3 c5 8. exd4 cxd4 9. Ne5 Qc7 10. Re1 Nfd7 11. Nxd7 Bxd7 12. Bb2 Nc6 13. d3 e5 14. a3 a5 15. Nd2 f5 16. Qh5 Rae8 17. Bd5+ Kh8 18. Bf7 Rd8 19. Bg6 h6 20. Nf3 Be8 21. Bxe8 Rdxe8 22. Bc1 Bd8 23. Bd2 e4 24. b4 Qd7 25. b5 Nb8 26. dxe4 fxe4 27. Ne5 Qf5 28. Qxf5 Rxf5 29. Nd3 Nd7 30. Rad1 Bb6 31. Bc1 g5 32. Bb2 Kh7 33. c5 Nxc5 34. Nxc5 Rxc5 35. Bxd4 Rxb5 36. a4 Rb3 37. Bxb6 Rxb6 38. Rd5 Rb2 39. Rxa5 Kg6 40. Rd5 Re6 41. Kf1 e3 42. Re2 Rxe2 43. Kxe2 exf2+ 44. Kxf2 g4 45. a5 h5 46. Rb5 Re7 47. Kf1 Kh6 48. Kg1 Re1+ 49. Kf2 Re7 50. Kg2 Re2+ 51. Kg1 Re1+ 52. Kg2 Re2+ 1/2-1/2

[Event "84th Tata Steel Challengers 2022"]
[Site "Wijk aan Zee"]
[Date "2022.01.26"]
[Round "10.7"]
[White "Ganguly, Surya Shekhar"]
[Black "Zhu, Jiner"]
[Result "1-0"]
[WhiteElo "2627"]
[BlackElo "2478"]
[Annotator "TA"]
[PlyCount "71"]
[EventDate "2022.01.15"]
[EventType "tourn"]
[EventCountry "NED"]
[SourceTitle "playchess.com"]
[Source "ChessBase"]
[SourceQuality "1"]

1. c4 Nf6 2. Nc3 d5 3. cxd5 Nxd5 4. Nf3 e6 5. e4 Nxc3 6. bxc3 c5 7. Bc4 a6 8. a4 b6 9. O-O Bb7 10. Re1 Qc7 11. Qe2 Be7 12. d4 O-O 13. d5 exd5 14. exd5 Bd6 15. Bd3 Nd7 16. c4 Rae8 17. Qxe8 Rxe8 18. Rxe8+ Nf8 19. Bf5 b5 20. axb5 axb5 21. Bd2 b4 22. Bg5 b3 23. Rb1 Ba6 24. Nd2 g6 25. Bh3 f6 26. Bh6 Kf7 27. Re3 Bxh2+ 28. Kh1 Bf4 29. Bxf4 Qxf4 30. Rbxb3 f5 31. Kg1 Bxc4 32. g3 Qd4 33. Rb7+ Kg8 34. Nxc4 Qxc4 35. Re8 Qxd5 36. Rbb8 1-0

[Event "85th Tata Steel Challengers 2023"]
[Site "Wijk aan Zee"]
[Date "2023.01.20"]
[Round "10.7"]
[White "Roebers, Eline"]
[Black "Pechac, Jergus"]
[Result "1/2-1/2"]
[WhiteElo "2361"]
[BlackElo "2637"]
[Annotator "TA"]
[PlyCount "51"]
[EventDate "2023.01.10"]
[EventType "tourn"]
[EventCountry "NED"]
[SourceTitle "playchess.com"]
[Source "ChessBase"]
[SourceQuality "1"]

1. e4 e5 2. Nf3 Nc6 3. Bb5 Nge7 4. d4 Nxd4 5. Nxd4 exd4 6. Qxd4 Nc6 7. Qe3 Be7 8. O-O O-O 9. Nc3 Re8 10. Rd1 d6 11. Nd5 Bh4 12. Bf1 Ne7 13. Qb3 c6 14. Ne3 Qc7 15. c3 Be6 16. Qc2 d5 17. exd5 Nxd5 18. Nxd5 Bxd5 19. Be3 h6 20. Rd2 b6 21. Rad1 Rad8 22. g3 Bf6 23. Bg2 Bxg2 24. Kxg2 Rxd2 25. Rxd2 Rd8 26. Rxd8+ 1/2-1/2

[Event "79th Tata Steel Chess 2017-Masters"]
[Site "Wijk aan Zee"]
[Date "2017.01.27"]
[Round "11"]
[White "Carlsen, Magnus"]
[Black "Adhiban, Baskaran"]
[Result "1/2-1/2"]
[WhiteElo "2840"]
[BlackElo "2653"]
[Annotator "TA"]
[PlyCount "98"]
[EventDate "2017.??.??"]
[EventType "tourn"]
[EventCountry "NED"]
[SourceTitle "playchess.com"]
[Source "ChessBase"]
[SourceQuality "1"]

1. e4 d5 2. exd5 Nf6 3. Nf3 Nxd5 4. d4 Bg4 5. h3 Bh5 6. Be2 Nc6 7. O-O e6 8. c3 Be7 9. Ne5 Nxe5 10. Bxh5 Ng6 11. Qb3 Rb8 12. c4 Nf6 13. Bxg6 hxg6 14. Qa4+ c6 15. Qxa7 Bd6 16. Nc3 Bc7 17. Rd1 Qd6 18. g3 Qd7 19. h4 O-O 20. Qc5 b5 21. cxb5 cxb5 22. a3 Rfc8 23. Qg5 b4 24. axb4 Rxb4 25. Qd2 Bb6 26. Ne2 Rbc4 27. Qd3 e5 28. Bg5 Ng4 29. Rac1 Rxc1 30. Rxc1 Re8 31. Rd1 exd4 32. Bf4 Nf6 33. Nc1 Nd5 34. Bd2 Qc6 35. Ne2 Qf6 36. Rc1 Qf5 37. Qxf5 gxf5 38. Kf1 d3 39. Nc3 Nxc3 40. Rxc3 Bd4 41. Rb3 g6 42. f3 Be5 43. g4 fxg4 44. fxg4 Bf6 45. h5 gxh5 46. gxh5 Re5 47. h6 Kh7 48. Rxd3 Rf5+ 49. Ke2 Bxb2 1/2-1/2

[Event "80th Tata Steel Masters 2018"]
[Site "Wijk aan Zee"]
[Date "2018.01.26"]
[Round "11"]
[White "Caruana, Fabiano"]
[Black "Giri, Anish"]
[Result "1/2-1/2"]
[WhiteElo "2811"]
[BlackElo "2752"]
[Annotator "TA"]
[PlyCount "87"]
[EventDate "2018.??.??"]
[EventType "tourn"]
[EventRounds "4"]
[EventCountry "NED"]
[SourceTitle "playchess.com"]
[Source "ChessBase"]
[SourceQuality "1"]

1. d4 d5 2. Nf3 Nf6 3. Bf4 Bf5 4. e3 e6 5. Nbd2 Bd6 6. Ne5 h6 7. g4 Bh7 8. h4 Ne4 9. Nxe4 Bxe4 10. f3 Bh7 11. Bd3 Bxd3 12. Qxd3 Nd7 13. O-O-O Bxe5 14. dxe5 Qe7 15. e4 dxe4 16. Qxe4 O-O-O 17. g5 hxg5 18. Bxg5 f6 19. exf6 Nxf6 20. Qe5 Qf7 21. Rhe1 Rxd1+ 22. Rxd1 b6 23. b3 Kb8 24. Kb2 Nh7 25. Bf4 Nf6 26. Bg5 Nh7 27. Bf4 Nf6 28. Qd4 Kb7 29. Be5 Rh5 30. Rg1 Rf5 31. f4 g6 32. Rd1 Qe7 33. Qc3 Nd5 34. Qf3 Kb8 35. Qe4 Qxh4 36. Rd2 Qe7 37. Rh2 Rf8 38. Rh6 Rg8 39. Rxg6 Rxg6 40. Qxg6 Qd7 41. Qd3 Kc8 42. a4 Nb4 43. Qe4 Nc6 44. Bc3 1/2-1/2

[Event "80th Tata Steel Masters 2018"]
[Site "Wijk aan Zee"]
[Date "2018.01.26"]
[Round "11"]
[White "Mamedyarov, Shakhriyar"]
[Black "Carlsen, Magnus"]
[Result "1/2-1/2"]
[WhiteElo "2804"]
[BlackElo "2834"]
[Annotator "TA"]
[PlyCount "75"]
[EventDate "2018.??.??"]
[EventType "tourn"]
[EventRounds "4"]
[EventCountry "NED"]
[SourceTitle "playchess.com"]
[Source "ChessBase"]
[SourceQuality "1"]

1. d4 Nf6 2. c4 e6 3. Nc3 Bb4 4. Qc2 d5 5. cxd5 Qxd5 6. e3 c5 7. Bd2 Bxc3 8. Bxc3 cxd4 9. Bxd4 Nc6 10. Bc3 O-O 11. Nf3 Rd8 12. Be2 Qe4 13. Rc1 Qxc2 14. Rxc2 Nd5 15. Ne5 Bd7 16. Nxc6 Bxc6 17. Bd2 Ne7 18. f3 Rac8 19. e4 f6 20. Be3 a6 21. Kf2 Bb5 22. Rhc1 Rxc2 23. Rxc2 Bxe2 24. Kxe2 Nc6 25. b4 Rc8 26. Rc5 b5 27. f4 Kf7 28. a3 Ne7 29. Rxc8 Nxc8 30. Bc5 Ne7 31. Bxe7 Kxe7 32. Kf3 Kd6 33. Ke3 e5 34. f5 Ke7 35. g4 Kf7 36. h4 Kg8 37. Kf3 h6 38. h5 1/2-1/2

[Event "80th Tata Steel Masters 2018"]
[Site "Wijk aan Zee"]
[Date "2018.01.26"]
[Round "11"]
[White "So, Wesley"]
[Black "Jones, Gawain C B"]
[Result "1-0"]
[WhiteElo "2792"]
[BlackElo "2640"]
[Annotator "TA"]
[PlyCount "123"]
[EventDate "2018.??.??"]
[EventType "tourn"]
[EventRounds "4"]
[EventCountry "NED"]
[SourceTitle "playchess.com"]
[Source "ChessBase"]
[SourceQuality "1"]

1. d4 Nf6 2. c4 g6 3. g3 Bg7 4. Bg2 O-O 5. Nc3 c5 6. dxc5 Qa5 7. Qa4 Qxc5 8. Be3 Qc7 9. c5 Nc6 10. Rd1 b6 11. cxb6 Qb8 12. bxa7 Qxb2 13. Nb5 Bb7 14. Qb3 Qxb3 15. axb3 Nxa7 16. Bxb7 Rab8 17. Nxa7 Rxb7 18. f3 Rxb3 19. Bf2 Ra8 20. Nh3 Rb7 21. O-O Rbxa7 22. Bxa7 Rxa7 23. Ra1 Rxa1 24. Rxa1 d5 25. Ra7 Bf8 26. Kg2 Ne8 27. Ra8 Nd6 28. Ng5 h6 29. Nh7 Kxh7 30. Rxf8 Kg7 31. Rd8 Nc4 32. g4 e6 33. h4 Kf6 34. Rh8 Kg7 35. Rc8 Nd6 36. Rc6 Nb5 37. e3 g5 38. h5 Na3 39. Kg3 Nc4 40. e4 Ne5 41. exd5 exd5 42. Rd6 Nd3 43. Rxd5 Nf4 44. Rf5 Ne6 45. Kf2 Nd4 46. Rd5 Ne6 47. Ke3 Nf4 48. Ra5 Ng2+ 49. Ke4 Kf6 50. Rb5 Kg7 51. Ke5 Ne1 52. Rb3 Ng2 53. Kd6 Nf4 54. Rb5 Kf8 55. Rf5 Ng2 56. Kd7 Ne3 57. Rc5 f5 58. Ke6 fxg4 59. Kf6 Kg8 60. Kg6 Kf8 61. Re5 Nc4 62. Rf5+ 1-0

[Event "Tata Steel-A 80th"]
[Site "Wijk aan Zee"]
[Date "2018.01.26"]
[Round "11"]
[White "Anand, Viswanathan"]
[Black "Hou, Yifan"]
[Result "1-0"]
[WhiteElo "2767"]
[BlackElo "2680"]
[Annotator "TA"]
[PlyCount "69"]
[EventDate "2018.01.13"]
[EventType "tourn"]
[EventRounds "13"]
[EventCountry "NED"]
[EventCategory "20"]
[SourceTitle "CB05_2018"]
[SourceDate "2018.01.31"]
[SourceVersion "1"]
[SourceVersionDate "2018.01.31"]
[SourceQuality "1"]

1. c4 e6 2. Nc3 d5 3. d4 Nf6 4. cxd5 Nxd5 5. e4 Nxc3 6. bxc3 c5 7. Rb1 Be7 8. Nf3 O-O 9. Bc4 Nc6 10. O-O b6 11. Be3 Bb7 12. Qe2 cxd4 13. cxd4 Rc8 14. Rfd1 Qc7 15. d5 Ne5 16. Bb5 exd5 17. exd5 Nxf3+ 18. Qxf3 Bc5 19. Rbc1 Qe7 20. Bf4 Bd6 21. Bc6 Bxf4 22. Qxf4 Bxc6 23. dxc6 Qc7 24. Rd6 Rcd8 25. Rcd1 h6 26. g3 Rxd6 27. Rxd6 Rc8 28. Qe5 b5 29. Qd5 Kh7 30. Qe4+ Kg8 31. Rd7 Qa5 32. c7 Rf8 33. Qe7 a6 34. Qxf8+ Kxf8 35. c8=Q+ 1-0

[Event "80th Tata Steel Masters 2018"]
[Site "Wijk aan Zee"]
[Date "2018.01.26"]
[Round "11"]
[White "Karjakin, Sergey"]
[Black "Kramnik, Vladimir"]
[Result "1-0"]
[WhiteElo "2753"]
[BlackElo "2787"]
[Annotator "TA"]
[PlyCount "117"]
[EventDate "2018.??.??"]
[EventType "tourn"]
[EventRounds "4"]
[EventCountry "NED"]
[SourceTitle "playchess.com"]
[Source "ChessBase"]
[SourceQuality "1"]

1. c4 e6 2. g3 d5 3. Bg2 Nf6 4. Nf3 Be7 5. O-O O-O 6. b3 c5 7. cxd5 Nxd5 8. Nc3 Nc6 9. Bb2 Nxc3 10. dxc3 Qc7 11. Qc2 b6 12. Bc1 Bb7 13. Bf4 Qc8 14. Rad1 Rd8 15. h4 h6 16. Rxd8+ Nxd8 17. Rd1 f5 18. Qd2 Nf7 19. Qd7 Bf6 20. Ne5 Nxe5 21. Bxe5 Bxe5 22. Bxb7 Qxd7 23. Rxd7 Re8 24. Bc6 a5 25. Bb5 Kf8 26. f4 Bf6 27. Rd6 Re7 28. h5 Bxc3 29. Rxb6 c4 30. Rb8+ Kf7 31. Bxc4 Rd7 32. Kg2 Ke7 33. Kf3 Rd1 34. Rb7+ Rd7 35. Rb5 Rd1 36. a3 Rf1+ 37. Kg2 Rd1 38. e3 Rd6 39. Kf3 Rc6 40. g4 fxg4+ 41. Kxg4 a4 42. Rb7+ Kd8 43. e4 Bb2 44. Bb5 Rc7 45. Rxc7 Kxc7 46. bxa4 Bc3 47. e5 Kd8 48. Kf3 Bd2 49. Ke4 Ke7 50. f5 exf5+ 51. Kxf5 Bc1 52. a5 Bxa3 53. a6 Bc5 54. Ke4 Ke6 55. Bc4+ Kd7 56. Kd5 Bf2 57. e6+ Kc7 58. Bb5 Bh4 59. a7 1-0

[Event "80th Tata Steel Challengers 2018"]
[Site "Wijk aan Zee"]
[Date "2018.01.26"]
[Round "11"]
[White "Vidit, Santosh Gujrathi"]
[Black "Korobov, Anton"]
[Result "1/2-1/2"]
[WhiteElo "2718"]
[BlackElo "2652"]
[Annotator "TA"]
[PlyCount "61"]
[EventDate "2018.??.??"]
[EventType "tourn"]
[EventCountry "NED"]
[SourceTitle "playchess.com"]
[Source "ChessBase"]
[SourceQuality "1"]

1. e4 c5 2. Nf3 d6 3. Bb5+ Bd7 4. Bxd7+ Nxd7 5. O-O Ngf6 6. Qe2 Qc7 7. Rd1 e6 8. d4 cxd4 9. Nxd4 Rc8 10. Nb5 Qxc2 11. Qxc2 Rxc2 12. N1a3 Rc8 13. Nxa7 Rd8 14. N7b5 Nxe4 15. f3 Nef6 16. Nxd6+ Bxd6 17. Rxd6 Ke7 18. Rd4 Ne5 19. Be3 Nc6 20. Rxd8 Rxd8 21. Bc5+ Kd7 22. Nc4 Nd5 23. a4 e5 24. a5 Ke6 25. a6 bxa6 26. Rxa6 Kd7 27. b4 Ndxb4 28. Bxb4 Nxb4 29. Rd6+ Ke7 30. Rxd8 Kxd8 31. Nxe5 1/2-1/2

[Event "Tata Steel"]
[Site "Wijk aan Zee NED"]
[Date "2017.01.27"]
[Round "11"]
[White "Wei Yi"]
[Black "Sergey Karjakin"]
[Result "1-0"]
[WhiteElo "2706"]
[BlackElo "2785"]
[Annotator "TA"]
[PlyCount "63"]
[EventDate "2017.01.13"]

1. e4 e5 2. Nf3 Nc6 3. Bb5 Nf6 4. d3 Bc5 5. c3 O-O 6. Bxc6 bxc6 7. Nxe5 d5 8. d4 Bb6 9. O-O dxe4 10. Bg5 c5 11. Nd2 cxd4 12. Nxe4 dxc3 13. Qf3 Bb7 14. Bxf6 Bxe4 15. Qxe4 Qxf6 16. Nd7 Qg6 17. Qxg6 hxg6 18. Nxf8 cxb2 19. Rab1 Kxf8 20. Rfd1 Ke7 21. Rxb2 g5 22. Rbd2 Rh8 23. g3 Rh5 24. Kg2 Kf6 25. h3 Rh6 26. Rd8 Ke7 27. R1d7+ Ke6 28. Rd2 Rf6 29. Rg8 Rg6 30. Re8+ Kf6 31. Rd7 Rh6 32. Ree7 1-0

[Event "80th Tata Steel Challengers 2018"]
[Site "Wijk aan Zee"]
[Date "2018.01.26"]
[Round "11"]
[White "Amin, Bassem"]
[Black "Tari, Aryan"]
[Result "1/2-1/2"]
[WhiteElo "2693"]
[BlackElo "2599"]
[Annotator "TA"]
[PlyCount "86"]
[EventDate "2018.??.??"]
[EventType "tourn"]
[EventCountry "NED"]
[SourceTitle "playchess.com"]
[Source "ChessBase"]
[SourceQuality "1"]

1. Nf3 d5 2. g3 g6 3. Bg2 Bg7 4. O-O e5 5. d3 Ne7 6. e4 O-O 7. exd5 Nxd5 8. Re1 Nc6 9. Nc3 Nde7 10. a4 Bf5 11. a5 Qd7 12. Be3 Bg4 13. Qc1 Rad8 14. Ng5 f6 15. Nge4 b6 16. axb6 axb6 17. Ra4 Nd4 18. Nd2 Nec6 19. Qb1 Be6 20. b4 b5 21. Ra6 Nxb4 22. Qxb4 Nxc2 23. Qb1 Nxe1 24. Qxe1 Qxd3 25. Nxb5 Bd5 26. Bxd5+ Rxd5 27. Nxc7 Rd6 28. Qf1 Qxf1+ 29. Kxf1 Rxa6 30. Nxa6 Kf7 31. Ne4 Rd8 32. Ke2 Bf8 33. Nac5 Bxc5 34. Nxc5 h5 35. h4 Rb8 36. Kd3 Rb4 37. Kc3 Rb1 38. Kc2 Rb4 39. Kd3 Rb1 40. Ke4 Rd1 41. f4 exf4 42. Bxf4 Re1+ 43. Be3 Ra1 1/2-1/2

[Event "80th Tata Steel Challengers 2018"]
[Site "Wijk aan Zee"]
[Date "2018.01.26"]
[Round "11"]
[White "Krasenkow, Michal"]
[Black "Bok, Benjamin"]
[Result "1/2-1/2"]
[WhiteElo "2671"]
[BlackElo "2607"]
[Annotator "TA"]
[PlyCount "68"]
[EventDate "2018.??.??"]
[EventType "tourn"]
[EventCountry "NED"]
[SourceTitle "playchess.com"]
[Source "ChessBase"]
[SourceQuality "1"]

1. d4 Nf6 2. c4 e6 3. Nf3 d5 4. Nc3 c6 5. e3 Nbd7 6. Qc2 Bd6 7. b3 O-O 8. Bb2 e5 9. Be2 e4 10. Nd2 Nb8 11. h3 Na6 12. a3 Be6 13. O-O Nd7 14. Ndxe4 dxe4 15. Qxe4 Nc7 16. Qc2 f5 17. Bd3 Qg5 18. f4 Qg6 19. g4 Kh8 20. Rf2 b5 21. Rg2 bxc4 22. bxc4 Qh6 23. Ne2 Rae8 24. Ng3 fxg4 25. hxg4 Bxg4 26. Rh2 Rxe3 27. Rxh6 Rxg3+ 28. Kh2 Bxf4 29. Rxh7+ Kg8 30. Rf1 Bd6 31. c5 Rh3+ 32. Kg2 Rg3+ 33. Kh2 Rh3+ 34. Kg2 Rg3+ 1/2-1/2

[Event "80th Tata Steel Challengers 2018"]
[Site "Wijk aan Zee"]
[Date "2018.01.26"]
[Round "11"]
[White "L'Ami, Erwin"]
[Black "Girya, Olga"]
[Result "1/2-1/2"]
[WhiteElo "2634"]
[BlackElo "2489"]
[Annotator "TA"]
[PlyCount "114"]
[EventDate "2018.??.??"]
[EventType "tourn"]
[EventCountry "NED"]
[SourceTitle "playchess.com"]
[Source "ChessBase"]
[SourceQuality "1"]

1. e4 c6 2. Nc3 d5 3. Nf3 dxe4 4. Nxe4 Nf6 5. Qe2 Nxe4 6. Qxe4 Be6 7. b3 Bd5 8. Qe3 Bxf3 9. gxf3 e6 10. Bb2 Nd7 11. f4 Qa5 12. a3 O-O-O 13. b4 Qd5 14. Rg1 Nb6 15. Rg5 f5 16. d3 Rg8 17. Be5 Qd7 18. c4 Be7 19. Rb1 Bf6 20. Be2 Bxe5 21. Qxe5 Qd4 22. Qxe6+ Nd7 23. Qe3 Qc3+ 24. Qd2 Qxd2+ 25. Kxd2 g6 26. Rg3 Nf6 27. Kc3 Rd6 28. h4 Rgd8 29. h5 b5 30. hxg6 hxg6 31. Rc1 bxc4 32. Kxc4 Nd5 33. Rf3 Kc7 34. Kb3 Re8 35. Bf1 Rde6 36. d4 Re1 37. Rxe1 Rxe1 38. Bc4 Kd6 39. Bxd5 Kxd5 40. Rg3 Re4 41. Rxg6 Rxf4 42. Rg7 Rf3+ 43. Ka4 Rxf2 44. Rd7+ Ke4 45. Rxa7 f4 46. Ka5 Rc2 47. Rf7 f3 48. Kb6 f2 49. a4 Kxd4 50. a5 Ke3 51. a6 Rc4 52. a7 Rxb4+ 53. Kxc6 Ra4 54. Kb7 Ke2 55. a8=Q Rxa8 56. Kxa8 f1=Q 57. Rxf1 Kxf1 1/2-1/2

[Event "80th Tata Steel Challengers 2018"]
[Site "Wijk aan Zee"]
[Date "2018.01.26"]
[Round "11"]
[White "Gordievsky, Dmitry"]
[Black "Bluebaum, Matthias"]
[Result "1/2-1/2"]
[WhiteElo "2622"]
[BlackElo "2640"]
[Annotator "TA"]
[PlyCount "114"]
[EventDate "2018.??.??"]
[EventType "tourn"]
[EventCountry "NED"]
[SourceTitle "playchess.com"]
[Source "ChessBase"]
[SourceQuality "1"]

1. c4 e6 2. g3 d5 3. Bg2 Nf6 4. Nf3 dxc4 5. O-O a6 6. Qc2 Bd6 7. Qxc4 b5 8. Qb3 Bb7 9. a4 c5 10. d3 O-O 11. Nc3 b4 12. Nd1 Nc6 13. Ne3 Na5 14. Qc2 Rc8 15. Nd2 Bxg2 16. Kxg2 Be7 17. Nec4 Nc6 18. Nb3 Nd4 19. Qd1 Qd5+ 20. f3 Rcd8 21. e4 Qd7 22. Be3 Nxb3 23. Qxb3 Qxd3 24. Qxd3 Rxd3 25. Rfd1 Rfd8 26. Rxd3 Rxd3 27. Kf2 Kf8 28. Ke2 Rd8 29. Rc1 Ke8 30. g4 Nd7 31. Bf4 g5 32. Be3 h6 33. b3 f5 34. exf5 exf5 35. gxf5 Nf6 36. h4 Nd5 37. hxg5 Bxg5 38. f4 Nxf4+ 39. Kf3 Nd3 40. Rg1 Kf7 41. Rd1 Ke8 42. Rh1 Ke7 43. Bxg5+ hxg5 44. Rh7+ Kf6 45. Rh6+ Kxf5 46. Nd6+ Rxd6 47. Rxd6 Nc1 48. Rd5+ Ke6 49. Rxc5 Nxb3 50. Rxg5 a5 51. Ke4 Kd6 52. Rg6+ Kc5 53. Ra6 Kc4 54. Rc6+ Nc5+ 55. Ke5 b3 56. Kd6 Kb4 57. Rb6+ Kc4 1/2-1/2

[Event "81st Tata Steel Challengers 2019"]
[Site "Wijk aan Zee"]
[Date "2019.01.25"]
[Round "11"]
[White "Gledura, Benjamin"]
[Black "Esipenko, Andrey"]
[Result "1/2-1/2"]
[WhiteElo "2615"]
[BlackElo "2584"]
[Annotator "TA"]
[PlyCount "95"]
[EventDate "2019.01.12"]
[EventType "tourn"]
[EventCountry "NED"]
[SourceTitle "playchess.com"]
[Source "ChessBase"]
[SourceQuality "1"]

1. Nf3 Nf6 2. c4 c5 3. b3 e6 4. Bb2 b6 5. g3 Bb7 6. Bg2 Be7 7. O-O O-O 8. Nc3 d5 9. cxd5 Nxd5 10. d4 Nxc3 11. Bxc3 cxd4 12. Qxd4 Qxd4 13. Nxd4 Bxg2 14. Kxg2 Rc8 15. Rac1 Nc6 16. Nxc6 Rxc6 17. Be5 Rxc1 18. Rxc1 f6 19. Bf4 e5 20. Be3 Bd6 21. f4 exf4 22. gxf4 Kf7 23. Kf3 Rd8 24. a4 Ke6 25. Rc4 f5 26. Bd4 g6 27. e4 Bc5 28. exf5+ gxf5 29. Bxc5 bxc5 30. Rxc5 Rd3+ 31. Kg2 Rxb3 32. Re5+ Kf6 33. Ra5 Kg6 34. Rxa7 Kh5 35. h3 Rb2+ 36. Kf3 Rb3+ 37. Ke2 h6 38. Ra5 Rxh3 39. Rxf5+ Kg4 40. Rf8 Ra3 41. f5 Rxa4 42. f6 Kf5 43. f7 Ra7 44. Rh8 Re7+ 45. Kd3 Rxf7 46. Rxh6 Rf6 47. Rxf6+ Kxf6 48. Ke4 1/2-1/2

[Event "80th Tata Steel Challengers 2018"]
[Site "Wijk aan Zee"]
[Date "2018.01.26"]
[Round "11"]
[White "Harika, Dronavalli"]
[Black "Van Foreest, Jorden"]
[Result "0-1"]
[WhiteElo "2497"]
[BlackElo "2629"]
[Annotator "TA"]
[PlyCount "194"]
[EventDate "2018.??.??"]
[EventType "tourn"]
[EventCountry "NED"]
[SourceTitle "playchess.com"]
[Source "ChessBase"]
[SourceQuality "1"]

1. d4 Nf6 2. Nf3 g6 3. g3 Bg7 4. Bg2 O-O 5. O-O d6 6. b3 a5 7. Nc3 Nbd7 8. e4 e5 9. dxe5 dxe5 10. a4 b6 11. Ba3 Re8 12. Qd2 Bb7 13. Rfe1 Nf8 14. Rad1 Qxd2 15. Rxd2 Ne6 16. Nd5 Nxd5 17. exd5 Nc5 18. Bxc5 bxc5 19. Rde2 f6 20. Nd2 f5 21. Nc4 e4 22. d6 Bd4 23. dxc7 Re7 24. Nd6 Ba6 25. c8=Q+ Bxc8 26. Nxc8 Rxc8 27. Rd1 Kg7 28. Kf1 Rf8 29. Rc1 Bc3 30. Rd1 Rff7 31. Kg1 Rd7 32. Rb1 Rd6 33. f3 e3 34. f4 Rfd7 35. Bf3 h6 36. h4 Kf6 37. Kf1 Re7 38. Kg2 Bd2 39. Rh1 c4 40. bxc4 Rb6 41. Bd5 Rb2 42. Ra1 Rxc2 43. Rb1 Kg7 44. Rb6 h5 45. Kf3 Ra2 46. Bc6 Ra1 47. Rb2 Rf1+ 48. Kg2 Rc1 49. Bd5 Rc7 50. Rb6 Ra1 51. Bc6 Be1 52. Rb7 Rxb7 53. Bxb7 Bd2 54. Bc6 Kf6 55. Bb5 Ke6 56. c5 Kd5 57. c6 Kd4 58. c7 Rc1 59. Be8 Rxc7 60. Bxg6 Rc4 61. Be8 Ke4 62. Bb5 Rc1 63. Be8 Be1 64. Bxh5 Bf2 65. Bf3+ Kd3 66. Rxf2 exf2 67. Kxf2 Rc2+ 68. Kg1 Ke3 69. Bd5 Rc5 70. Bb7 Rc4 71. Kg2 Rxa4 72. Bc8 Re4 73. Bxf5 a4 74. Bg6 a3 75. Bf7 Re7 76. Bg8 Ke4 77. h5 Kf5 78. Kf3 Kf6 79. g4 Rf7 80. h6 Ke7 81. g5 Kf8 82. h7 Rxh7 83. Bxh7 a2 84. Be4 a1=Q 85. Kg4 Qd4 86. Kf3 Qg1 87. Bf5 Ke7 88. Bg4 Kd6 89. Bf5 Kc5 90. Ke4 Qe1+ 91. Kf3 Kd4 92. g6 Qf1+ 93. Kg4 Qg2+ 94. Kh5 Ke3 95. Kh6 Kxf4 96. Bc8 Qg5+ 97. Kh7 Qh5+ 0-1

[Event "80th Tata Steel Challengers 2018"]
[Site "Wijk aan Zee"]
[Date "2018.01.26"]
[Round "11"]
[White "Van Foreest, Lucas"]
[Black "Xiong, Jeffery"]
[Result "0-1"]
[WhiteElo "2481"]
[BlackElo "2634"]
[Annotator "TA"]
[PlyCount "76"]
[EventDate "2018.??.??"]
[EventType "tourn"]
[EventCountry "NED"]
[SourceTitle "playchess.com"]
[Source "ChessBase"]
[SourceQuality "1"]

1. e4 c5 2. Nf3 d6 3. d4 cxd4 4. Nxd4 Nf6 5. Nc3 a6 6. Be3 e5 7. Nb3 Be6 8. f3 Nbd7 9. g4 b5 10. Qd2 Nb6 11. g5 Nfd7 12. Na5 Rc8 13. Nd5 Nxd5 14. exd5 Bxd5 15. Qxd5 Qxa5+ 16. c3 Be7 17. Bh3 Qc7 18. a4 Qc4 19. Qb7 Rd8 20. Rg1 bxa4 21. Rg4 Qd3 22. Re4 a3 23. Rd1 Qc2 24. bxa3 Qxh2 25. Bg4 h5 26. Bxd7+ Rxd7 27. Qc8+ Rd8 28. Qc6+ Kf8 29. Bf2 Qh3 30. Ke2 Qf5 31. c4 Qxg5 32. c5 Rh6 33. Qc7 Re6 34. c6 d5 35. Re3 e4 36. fxe4 Qg4+ 37. Ke1 d4 38. Bg3 h4 0-1

[Event "84th Tata Steel Masters 2022"]
[Site "Wijk aan Zee"]
[Date "2022.01.28"]
[Round "11.1"]
[White "Carlsen, Magnus"]
[Black "Vidit, Santosh Gujrathi"]
[Result "1/2-1/2"]
[WhiteElo "2856"]
[BlackElo "2727"]
[Annotator "TA"]
[PlyCount "102"]
[EventDate "2022.01.15"]
[EventType "tourn"]
[EventCountry "NED"]
[SourceTitle "playchess.com"]
[Source "ChessBase"]
[SourceQuality "1"]

1. e4 e5 2. Bc4 Nf6 3. d3 Nc6 4. Nf3 Bc5 5. Nc3 h6 6. h3 a6 7. a4 d6 8. Be3 Bxe3 9. fxe3 Be6 10. b3 O-O 11. O-O d5 12. exd5 Nxd5 13. Qd2 Nxc3 14. Qxc3 Qd6 15. Nd2 f5 16. Bxe6+ Qxe6 17. Qc4 Qxc4 18. bxc4 e4 19. d4 f4 20. Rxf4 Rxf4 21. exf4 Nxd4 22. Nxe4 Ne2+ 23. Kf2 Nxf4 24. Rb1 b6 25. c5 Rf8 26. cxb6 cxb6 27. c4 Nd5+ 28. Ke2 Re8 29. cxd5 Rxe4+ 30. Kd3 Rxa4 31. d6 Kf7 32. Re1 Ra5 33. Kd4 Ra2 34. Kd5 Rd2+ 35. Kc6 b5 36. d7 Rc2+ 37. Kb6 Rd2 38. Kc7 Rc2+ 39. Kd8 b4 40. Re7+ Kf8 41. Re3 Kf7 42. Re7+ Kf8 43. Re5 g6 44. Re6 b3 45. Rf6+ Kg7 46. Ke7 Re2+ 47. Re6 Rxe6+ 48. Kxe6 b2 49. d8=Q b1=Q 50. Qc7+ Kg8 51. Qd8+ Kg7 1/2-1/2

[Event "85th Tata Steel Masters 2023"]
[Site "Wijk aan Zee"]
[Date "2023.01.27"]
[Round "11.1"]
[White "Giri, Anish"]
[Black "Abdusattorov, Nodirbek"]
[Result "1/2-1/2"]
[WhiteElo "2764"]
[BlackElo "2713"]
[Annotator "TA"]
[PlyCount "57"]
[EventDate "2023.01.10"]
[EventType "tourn"]
[EventCountry "NED"]
[SourceTitle "playchess.com"]
[Source "ChessBase"]
[SourceQuality "1"]

1. d4 d5 2. c4 dxc4 3. e4 e5 4. Nf3 Bb4+ 5. Bd2 Bxd2+ 6. Qxd2 exd4 7. Nxd4 Nf6 8. Nc3 Qe7 9. O-O-O O-O 10. f3 c5 11. Nc2 Nc6 12. Bxc4 Be6 13. Bxe6 fxe6 14. Qd6 Rad8 15. Qxe7 Nxe7 16. Rxd8 Rxd8 17. Rd1 Rxd1+ 18. Nxd1 Kf7 19. b4 cxb4 20. Nxb4 e5 21. Ne3 Ke6 22. Kc2 Nd7 23. Kc3 Nc5 24. Kc4 Na4 25. Nd3 Nb6+ 26. Kb5 Nd7 27. Nc5+ Nxc5 28. Kxc5 g5 29. g3 1/2-1/2

[Event "82nd Tata Steel Masters 2020"]
[Site "Wijk aan Zee"]
[Date "2020.01.24"]
[Round "11.1"]
[White "Duda, Jan-Krzysztof"]
[Black "Carlsen, Magnus"]
[Result "1/2-1/2"]
[WhiteElo "2758"]
[BlackElo "2872"]
[Annotator "TA"]
[PlyCount "86"]
[EventDate "2020.01.11"]
[EventType "tourn"]
[EventCountry "NED"]
[SourceTitle "playchess.com"]
[Source "ChessBase"]
[SourceQuality "1"]

1. e4 e5 2. Nf3 Nc6 3. Bc4 Bc5 4. c3 Nf6 5. d3 d6 6. Nbd2 a6 7. Nf1 h6 8. Ng3 O-O 9. O-O Ba7 10. Bb3 Re8 11. h3 Be6 12. Bc2 d5 13. exd5 Nxd5 14. Re1 Qd6 15. Nh4 Qe7 16. Nhf5 Qf6 17. Qf3 g6 18. Nxh6+ Kg7 19. Qxf6+ Nxf6 20. Ne4 Nh7 21. g4 f5 22. gxf5 gxf5 23. Ng3 f4 24. Ngf5+ Kg6 25. d4 Ng5 26. Kg2 Bd5+ 27. Kf1 Nf3 28. Rd1 Rad8 29. Ne7+ Kxh6 30. Nxd5 Nfxd4 31. cxd4 Rxd5 32. dxe5 Rxd1+ 33. Bxd1 Kg5 34. h4+ Kf5 35. Bc2+ Kg4 36. Bd1+ f3 37. Bg5 Nxe5 38. Bc2 Nc4 39. Re1 Rxe1+ 40. Kxe1 Nxb2 41. Bf6 Nc4 42. Bg6 Bc5 43. Bf7 Kf5 1/2-1/2